00485nam a2200145Ia 4500008004100000041000800041082001200049100002300061245004500084260002900129300003200158365001100190999001500201952012300216240624s9999 xx 000 0 und d aeng a657 ANA aANAND SRINIVASAN G aLAW AND PRACTICE RELATING TO COMPANY ACC c2007aNew DelhibTaxmann axxxi, : 893 : p. : cm. ; 24 cRSb20 c5875d5875 00104070aIMTNbIMTNcRack 20-Ad2007-08-30eTASPLg975.00l0o657 ANAp5875r2024-06-24 00:00:00t1w2024-06-24yBK